| 000 | 00616nam a2200229 i 4500 | ||
|---|---|---|---|
| 001 | 14895 | ||
| 003 | ES-MaACL | ||
| 005 | 20230906150928.0 | ||
| 007 | t| | ||
| 008 | 991117s1999 sp ||||1| spa d | ||
| 020 | _a84-8306-156-2 | ||
| 080 | _a821.111-31"19" | ||
| 100 | 1 |
_aWinchester, Simon. _9117057 |
|
| 245 | 1 | 3 |
_aEl profesor y el loco / _cSimon Winchester. |
| 250 | _a1ª ed. | ||
| 260 |
_aMadrid : _bDebate, _c1999. |
||
| 300 |
_a262 p. ; _c22 cm. |
||
| 490 | 1 | _aPequeña gran historia | |
| 830 | 0 |
_aPequeña gran historia _9179734 |
|
| 852 |
_aES-MaACL _jL-22180 _bR.127561 |
||
| 999 |
_c14895 _d14895 |
||